00000000nam 2200000za 4500
0019.675815
003CaOODSP
00520250327153332
007cr |||||||||||
008150407|2002||||xxc|||||o    f|0| 0 iku d
040 |aCaOODSP|beng
043 |an-cn---
0861 |aH35-4/20-2002Iku2-PDF|zH35-4/20-2002S-PDF
1101 |aCanada. |bHealth Canada.
24510|a[Aboriginal Diabetes Initiative - evaluation framework] |h[electronic resource].
250 |a[Inuktitut edition].
260 |aOttawa - Ontario : |bHealth Canada |cFebruary 2002.
300 |a37p.|bgraphs, tables, photographs
500 |aThe catalogue number (H35-4/20-2002) and ISBN (0-662-66385-3) for the print edition have been incorrectly copied in this electronic publication.
500 |aIssued also in English under title: Aboriginal Diabetes Initiative - evaluation framework.
546 |aInuktitut.
590 |a12-35-Supp|b2012-08-09
69007|aIndigenous peoples|2gcpds
69007|aDiabetes|2gcpds
69007|aProgram assessment|2gcpds
77508|tAboriginal Diabetes Initiative - evaluation framework |w(CaOODSP)9.696497
7760#|tInitiative sur le diabète chez les Autochtones: cadre d'évaluation |w(CaOODSP)9.663972
792 |t[Initiative sur le diabète chez les Autochtones - cadre d'évaluation] |efre|w(CaOODSP)9.675816
85640|ahttp://publications.gc.ca|qPDF|s275 KB|uhttps://publications.gc.ca/collections/Collection/H35-4-20-2002S.pdf